[Event "Basel op 25th"]
[Site "Basel"]
[Date "2022.10.09"]
[Round "5"]
[White "Frey, Fabian"]
[Black "Savina, Anastasia"]
[Result "1/2-1/2"]
[WhiteElo "2114"]
[BlackElo "2352"]
[PlyCount "150"]
[EventDate "2022.10.07"]
[EventType "swiss"]
[EventRounds "5"]
[EventCountry "SUI"]
[SourceTitle "CBM 210 Extra"]
[Source "ChessBase"]
[SourceDate "2022.11.30"]
[SourceVersion "1"]
[SourceVersionDate "2022.11.30"]
[SourceQuality "1"]

1. e4 d6 2. d4 Nf6 3. Nc3 e5 4. Nf3 Nbd7 5. Bc4 Be7 6. 0-0 c6 7. a4 0-0 8. h3 a5 9. Re1 Nb6 10. Bf1 exd4 11. Nxd4 d5 12. e5 Ne8 13. Nce2 g6 14. Bh6 Ng7 15. Nf4 Bg5 16. Bxg5 Qxg5 17. g3 Be6 18. b3 Nd7 19. h4 Qe7 20. Qd2 Nc5 21. Bg2 Nf5 22. Nfxe6 fxe6 23. Re2 Rf7 24. Rae1 Qc7 25. Nxf5 gxf5 26. f4 b5 27. axb5 cxb5 28. Kh2 a4 29. bxa4 bxa4 30. c4 Ne4 31. Bxe4 dxe4 32. Qb4 Rd7 33. Ra1 Qc6 34. Rd2 e3 35. Re2 a3 36. Qe1 Qxc4 37. Rxe3 a2 38. Re2 Ra3 39. Qf2 Rda7 40. Rc2 Qd5 41. Rd2 Qc4 42. Rc2 Qa6 43. Qg2 Qa4 44. Qf2 h6 45. Rb2 Kh7 46. Qd2 Qa6 47. Rc2 Qa4 48. Rb2 Qe4 49. Qf2 Rg7 50. Rbxa2 Rf3 51. Qc2 Qe3 52. Qe2 Qxe2+ 53. Rxe2 Rfxg3 54. Ra7 Rxa7 55. Kxg3 Ra3+ 56. Kh2 Rf3 57. Rd2 Rxf4 58. Rd7+ Kg6 59. Re7 Rxh4+ 60. Kg3 Re4 61. Rxe6+ Kg5 62. Re8 f4+ 63. Kf3 Re3+ 64. Kf2 Kf5 65. Rh8 Rh3 66. Kg2 Rg3+ 67. Kf2 Rg6 68. Kf3 Rg3+ 69. Kf2 Rh3 70. Kg2 Rh4 71. e6 Kxe6 72. Kf3 Kf5 73. Rf8+ Kg5 74. Rg8+ Kh5 75. Rg1 Rh3+ 1/2-1/2

[Event "Basel op 25th"]
[Site "Basel"]
[Date "2022.10.08"]
[Round "3"]
[White "Frey, Fabian"]
[Black "Pancevski, Filip"]
[Result "1-0"]
[WhiteElo "2114"]
[BlackElo "2465"]
[PlyCount "137"]
[EventDate "2022.10.07"]
[EventType "swiss"]
[EventRounds "5"]
[EventCountry "SUI"]
[SourceTitle "CBM 210 Extra"]
[Source "ChessBase"]
[SourceDate "2022.11.30"]
[SourceVersion "1"]
[SourceVersionDate "2022.11.30"]
[SourceQuality "1"]

1. e4 g6 2. d4 Bg7 3. Nc3 c6 4. h3 d6 5. Be3 Nf6 6. Be2 Nbd7 7. g4 Qa5 8. Qd2 b5 9. g5 b4 10. gxf6 bxc3 11. fxg7 cxd2+ 12. Bxd2 Qxd2+ 13. Kxd2 Rg8 14. f3 Rb8 15. b3 Rxg7 16. Bd3 e5 17. Ne2 Ke7 18. dxe5 Nxe5 19. f4 Nxd3 20. cxd3 Bd7 21. h4 Rgg8 22. Rag1 h6 23. Rg3 a5 24. Nc3 f6 25. Rhg1 Be8 26. Kc2 Bf7 27. Re1 Rb4 28. Re2 Kd7 29. Kd2 Re8 30. f5 gxf5 31. Rg7 Re7 32. Rf2 Be6 33. Rg6 fxe4 34. dxe4 Rf7 35. Rxh6 f5 36. exf5 Rxf5 37. Rh7+ Kd8 38. Rxf5 Bxf5 39. Ra7 Rxh4 40. Rxa5 c5 41. Ra7 Rd4+ 42. Kc1 Bd7 43. a4 Be6 44. Nb5 Rd3 45. Kc2 Bf5 46. Kb2 Rd2+ 47. Kc1 Rd3 48. Kb2 Bd7 49. Nc3 Be6 50. Rg7 d5 51. Na2 d4 52. Nc1 Rd2+ 53. Ka3 Rc2 54. Rg1 Kc7 55. Rd1 Kc6 56. Na2 Bd5 57. Rc1 Rd2 58. Nb4+ Kd6 59. Na6 c4 60. bxc4 Bb7 61. c5+ Kd5 62. Nb4+ Ke4 63. c6 Bc8 64. Re1+ Kf3 65. Re8 Bg4 66. c7 d3 67. c8Q Bxc8 68. Rxc8 Rd1 69. Rc3 1-0

[Event "SUI-chT"]
[Site "Switzerland"]
[Date "2021.08.29"]
[Round "1.6"]
[White "Frey, Fabian"]
[Black "Riff, Vincent"]
[Result "0-1"]
[WhiteElo "2106"]
[BlackElo "2398"]
[PlyCount "54"]
[EventDate "2021.08.29"]
[EventType "team-tourn"]
[EventRounds "9"]
[EventCountry "SUI"]
[SourceTitle "CBM 204 Extra"]
[Source "ChessBase"]
[SourceDate "2021.11.30"]
[SourceVersion "1"]
[SourceVersionDate "2021.11.30"]
[SourceQuality "1"]
[WhiteTeam "Wollishofen"]
[BlackTeam "Luzern"]
[WhiteTeamCountry "SUI"]
[BlackTeamCountry "SUI"]

1. e4 c5 2. Nc3 Nc6 3. Bb5 Nd4 4. Nf3 g6 5. Ba4 Bg7 6. 0-0 Qa5 7. e5 Nh6 8. a3 0-0 9. b4 cxb4 10. axb4 Nxf3+ 11. Qxf3 Qxe5 12. Bb2 e6 13. Rfd1 Qf5 14. Qe2 b6 15. d4 Bb7 16. Bb3 Rfc8 17. Nb5 Qg5 18. f4 Qxf4 19. Rf1 Qh4 20. g3 Qe7 21. Nxa7 Rd8 22. c3 Nf5 23. Bc2 Qg5 24. Be4 Bxe4 25. Qxe4 Qe3+ 26. Qxe3 Nxe3 27. Rf4 Nc4 0-1

[Event "World Corporate East B"]
[Site "Chess.com INT"]
[Date "2021.02.20"]
[Round "5.7"]
[White "Harikrishnan, A Ra"]
[Black "Frey, Fabian"]
[Result "1-0"]
[WhiteElo "2429"]
[BlackElo "2106"]
[PlyCount "123"]
[EventDate "2021.02.19"]
[EventType "team (rapid)"]
[EventRounds "7"]
[EventCountry "USA"]
[SourceTitle "EXT 2022"]
[Source "ChessBase"]
[SourceDate "2021.10.06"]
[SourceVersion "1"]
[SourceVersionDate "2021.10.06"]
[SourceQuality "1"]
[WhiteTeam "NTT Data Services"]
[BlackTeam "Siemens"]
[WhiteTeamCountry "IND"]
[BlackTeamCountry "SUI"]

1. Nf3 d5 2. g3 g6 3. Bg2 c6 4. 0-0 Bg7 5. d4 Nf6 6. c4 0-0 7. cxd5 cxd5 8. Nc3 Nc6 9. Ne5 Qb6 10. Nxc6 Qxc6 11. Bg5 Rd8 12. Rc1 Qa6 13. Qb3 Be6 14. Nb5 Rac8 15. Nc7 Qd6 16. Bf4 Qd7 17. Nxe6 Qxe6 18. Rxc8 Qxc8 19. Rc1 Qe6 20. Qxb7 Qxe2 21. Qxa7 Ng4 22. Rf1 Qxb2 23. Qxe7 Rf8 24. h3 Bf6 25. Qe1 Nxf2 26. Rxf2 Bxd4 27. Be3 Bxe3 28. Qxe3 Qa1+ 29. Kh2 d4 30. Qb3 Kg7 31. Rf1 Qc3 32. Qxc3 dxc3 33. Rc1 Rc8 34. a4 Rc4 35. a5 Ra4 36. Rxc3 Rxa5 37. Rc7 Rf5 38. g4 Rf2 39. Kg3 Rf6 40. Bd5 g5 41. Be4 h6 42. Rc6 Rf1 43. Bf3 Ra1 44. Rc7 Ra3 45. Kf2 Ra2+ 46. Ke3 Ra3+ 47. Ke4 Ra4+ 48. Ke5 Rf4 49. Bd5 Rf1 50. Rc3 Re1+ 51. Kd6 Rf1 52. Rf3 Rxf3 53. Bxf3 f5 54. gxf5 Kf6 55. Bg4 h5 56. Kd5 hxg4 57. hxg4 Kf7 58. Ke5 Ke7 59. f6+ Kf7 60. Kf5 Ke8 61. Kxg5 Kf7 62. Kf5 1-0

[Event "World Corporate East B"]
[Site "Chess.com INT"]
[Date "2021.02.19"]
[Round "1.4"]
[White "Demchenko, Anton"]
[Black "Frey, Fabian"]
[Result "1-0"]
[WhiteElo "2610"]
[BlackElo "2106"]
[PlyCount "141"]
[EventDate "2021.02.19"]
[EventType "team (rapid)"]
[EventRounds "7"]
[EventCountry "USA"]
[SourceTitle "EXT 2022"]
[Source "ChessBase"]
[SourceDate "2021.10.06"]
[SourceVersion "1"]
[SourceVersionDate "2021.10.06"]
[SourceQuality "1"]
[WhiteTeam "Rosseti Kuban"]
[BlackTeam "Siemens"]
[WhiteTeamCountry "RUS"]
[BlackTeamCountry "SUI"]

1. e4 c5 2. Nf3 e6 3. g3 Nc6 4. Bg2 Nf6 5. Qe2 Qc7 6. 0-0 Be7 7. e5 Ng4 8. Re1 d6 9. exd6 Bxd6 10. Na3 0-0 11. Nb5 Qb8 12. d3 Bd7 13. Nxd6 Qxd6 14. Bf4 Qe7 15. h3 Nf6 16. Ne5 Rac8 17. c3 Nxe5 18. Qxe5 Bc6 19. Bxc6 Rxc6 20. d4 Rd8 21. Rad1 cxd4 22. Rxd4 Rxd4 23. Qxd4 a6 24. c4 h6 25. Rd1 Qb4 26. b3 Kh7 27. Be5 Qe7 28. Qd3+ Kg8 29. Qd8+ Qxd8 30. Rxd8+ Kh7 31. Bxf6 gxf6 32. Rd7 b5 33. cxb5 axb5 34. Rxf7+ Kg6 35. Re7 Ra6 36. Rb7 Rxa2 37. Rxb5 e5 38. Rb6 Rb2 39. b4 h5 40. h4 Kf5 41. b5 Kg6 42. Rb8 Kg7 43. b6 Rb3 44. Kf1 Rb2 45. b7 Rb6 46. Ke2 Rb5 47. Kd3 Rb2 48. Kc4 Rb1 49. Kd5 Rb2 50. Ke6 Rb6+ 51. Kf5 Rb3 52. Ke6 Rb6+ 53. Ke7 Rb4 54. Kd6 Rb6+ 55. Kc5 Rb1 56. f3 Rb2 57. Kd5 Rb1 58. g4 hxg4 59. fxg4 Rb2 60. h5 Rb1 61. Ke4 Rb2 62. Kf5 Rf2+ 63. Ke6 Rb2 64. h6+ Kh7 65. Kxf6 e4 66. g5 Rb6+ 67. Kf5 e3 68. Re8 Rxb7 69. g6+ Kxh6 70. Rh8+ Kg7 71. Rh7+ 1-0

[Event "Zuoz Engiadina op 26th"]
[Site "Zuoz"]
[Date "2019.10.10"]
[Round "5"]
[White "Moggi, Christoph"]
[Black "Frey, Fabian"]
[Result "0-1"]
[WhiteElo "1977"]
[BlackElo "2118"]
[PlyCount "72"]
[EventDate "2019.10.05"]
[EventType "swiss"]
[EventRounds "7"]
[EventCountry "SUI"]
[SourceTitle "EXT 2020"]
[Source "ChessBase"]
[SourceDate "2019.10.17"]
[SourceVersion "1"]
[SourceVersionDate "2019.10.17"]
[SourceQuality "1"]

1. d4 Nf6 2. Nf3 d5 3. Bf4 c5 4. e3 Nc6 5. c3 Qb6 6. Qc2 e6 7. Nbd2 cxd4 8. exd4 Bd7 9. Bd3 Rc8 10. a3 Ne7 11. 0-0 Ng6 12. Bg3 Be7 13. Ne5 Nxe5 14. Bxe5 Bb5 15. Bxb5+ Qxb5 16. a4 Qc6 17. Qd3 0-0 18. Qb5 Nd7 19. Bg3 a6 20. Qd3 Bd6 21. f4 Rfe8 22. Nf3 Nf6 23. Nd2 Ne4 24. f5 Nxg3 25. hxg3 e5 26. dxe5 Bc5+ 27. Rf2 Bxf2+ 28. Kxf2 Qb6+ 29. Kf3 Qxb2 30. Rb1 Qxc3 31. Qxc3 Rxc3+ 32. Kf4 Rd3 33. Nf3 Rc3 34. Rxb7 Rc4+ 35. Ke3 Rxa4 36. g4 Rxg4 0-1